Statistiques concernant les trilogies au cinéma

Cliquez ici pour prendre le quiz!

Statistiques générales

  • Ce quiz a été pris 4 808 fois
  • Le résultat moyen est 9 sur 13

Statistiques - réponses

HintRéponse% Correct
YodaStar Wars
99%
Peter ParkerSpiderman
95%
Buzz l'éclairToy Story
95%
Marty McFlyRetour vers le futur
93%
Frodon SacquetLe Seigneur des anneaux
88%
Vito CorleoneLe Parrain
76%
Sarah ConnorTerminator
76%
MorpheusMatrix
71%
Ellen RipleyAlien
59%
John McClaneDie Hard
50%
Dr Henry JonesIndiana Jones
48%
Bruce WayneThe Dark Knight
47%
Max RockatanskyMad Max
30%

Distribution des résultats

Percentile par nombre de réponses

% des personnes avec chaque résultat

Votre développement - résultats

Vous n’avez pas pris ce quiz